One teacher's life / (Запис № 533000)
[ простий вигляд ]
| 000 -LEADER | |
|---|---|
| fixed length control field | 01268cam a2200301Ia 4500 |
| 001 - CONTROL NUMBER | |
| control field | oneteacherslife00howe |
| 003 - CONTROL NUMBER IDENTIFIER | |
| control field | CaSfIA |
| 005 - DATE AND TIME OF LATEST TRANSACTION | |
| control field | 20210118194705.0 |
| 007 - PHYSICAL DESCRIPTION FIXED FIELD--GENERAL INFORMATION | |
| fixed length control field | cr|||| |
| 008 - FIXED-LENGTH DATA ELEMENTS--GENERAL INFORMATION | |
| fixed length control field | 940210s1993 azuaco 000 0aeng d |
| 040 ## - CATALOGING SOURCE | |
| Original cataloging agency | PNX |
| Transcribing agency | PNX |
| Modifying agency | OCL |
| -- | CaSfIA |
| 020 ## - INTERNATIONAL STANDARD BOOK NUMBER | |
| Terms of availability | $20.00 (pbk.) |
| 035 ## - SYSTEM CONTROL NUMBER | |
| System control number | (OCoLC)29786089 |
| 043 ## - GEOGRAPHIC AREA CODE | |
| Geographic area code | n-us-az |
| 050 #4 - LIBRARY OF CONGRESS CALL NUMBER | |
| Classification number | LA2317.H69 |
| Item number | A3 1993 |
| 100 1# - MAIN ENTRY--PERSONAL NAME | |
| Personal name | Howe, Evelyn F. |
| 245 10 - TITLE STATEMENT | |
| Title | One teacher's life / |
| Medium | [electronic resource] |
| Statement of responsibility, etc | by Evelyn F. Howe. |
| 260 ## - PUBLICATION, DISTRIBUTION, ETC. (IMPRINT) | |
| Place of publication, distribution, etc | [Sahuarita, AZ : |
| Name of publisher, distributor, etc | E.F. Howe, |
| Date of publication, distribution, etc | 1993?] |
| 300 ## - PHYSICAL DESCRIPTION | |
| Extent | 144 p. : |
| Other physical details | ill., ports., facsims. ; |
| Dimensions | 23 cm. |
| 506 ## - RESTRICTIONS ON ACCESS NOTE | |
| Standardized terminology for access restriction | Необхідна авторизація на https://archive.org/ (створення облікового запису безкоштовно) |
| 506 ## - RESTRICTIONS ON ACCESS NOTE | |
| Standardized terminology for access restriction | Необхідна авторизація на https://openlibrary.org/ (створення облікового запису безкоштовно) |
| 600 10 - SUBJECT ADDED ENTRY--PERSONAL NAME | |
| Personal name | Howe, Evelyn F. |
| 650 #0 - SUBJECT ADDED ENTRY--TOPICAL TERM | |
| Topical term or geographic name as entry element | Teachers |
| Form subdivision | Biography. |
| 651 #0 - SUBJECT ADDED ENTRY--GEOGRAPHIC NAME | |
| Geographic name | Arizona |
| Form subdivision | Biography. |
| 856 41 - ELECTRONIC LOCATION AND ACCESS | |
| Uniform Resource Identifier | <a href="http://www.archive.org/details/oneteacherslife00howe">http://www.archive.org/details/oneteacherslife00howe</a> |
| Public note | Free eBook from the Internet Archive |
| 856 42 - ELECTRONIC LOCATION AND ACCESS | |
| Uniform Resource Identifier | <a href="http://www.openlibrary.org/books/OL24237374M">http://www.openlibrary.org/books/OL24237374M</a> |
| Public note | Additional information and access via Open Library |
| 942 ## - ADDED ENTRY ELEMENTS (KOHA) | |
| Koha item type | ЕКнига |
Немає доступних примірників.